000 00715nam a2200229Ia 4500
003 OSt
005 20220901104612.0
008 210716s2016 xx 000 0 und d
020 _a9788126560448
040 _cAIMIT LIBRARY
041 _aeng
082 _a620.00151
_22
_bMCDS
100 _aMcDaniel, Stephen.
_956325
245 _aSAS for dummies /
_cBy Stephen McDaniel and Chris Hemedinger
250 _a2nd ed.
260 _aNew Delhi :
_bWiley India Pvt Ltd ,
_c2016.
300 _axx,360p. ;
_c23 cm.
650 _aGathering data and presenting information
_956326
650 _aGetting SAS ready to rock and roll
_956327
700 _aHemedinger, Chris
_956328
942 _2ddc
_cBK
_e2nd
_k620.00151 MCDS
999 _c195519
_d195519